| 000 | 00706nam a2200205 i 4500 | ||
|---|---|---|---|
| 001 | 51568 | ||
| 003 | ES-MaACL | ||
| 005 | 20250717061120.0 | ||
| 007 | t| | ||
| 008 | 030813s1971 sp |||| | spa d | ||
| 080 | _a141.82 | ||
| 100 | 1 |
_aDal Pra, Mario. _942470 |
|
| 245 | 1 | 3 |
_aLa dialéctica en Marx _b: de los escritos de juventud a la "Introducción a la crítica de la economía política" / _cMario Dal Pra ; [traducción de F. Moll-Camps]. |
| 260 |
_a[Barcelona] : _bMartínez Roca, _c[1971] |
||
| 300 |
_a386 p. ; _c20 cm. |
||
| 650 | 0 | 7 |
_aMaterialismo dialéctico _2embne _914849 |
| 700 | 1 |
_aMoll i Camps, Francesc. _9161375 |
|
| 852 |
_aES-MaACL _jC-43187 |
||
| 999 |
_c51568 _d51568 |
||